Reflexivilidad y reunificación de las ciencias sociales: la contribución de Pierre Bourdieu /
Uloženo v:
| Hlavní autor: | |
|---|---|
| Další autoři: | |
| Médium: | Text |
| Témata: | |
| Tagy: |
Přidat tag
Žádné tagy, Buďte první, kdo vytvoří štítek k tomuto záznamu!
|
MARC
| LEADER | 00000 a a2200000 04500 | ||
|---|---|---|---|
| 001 | 9669 | ||
| 003 | |||
| 040 | |||
| 100 | |a Bourdieu, Pierre | ||
| 245 | |a Reflexivilidad y reunificación de las ciencias sociales: la contribución de Pierre Bourdieu / |c Pierre Bourdieu ; David Velasco Yánéz | ||
| 650 | |a CIENCIAS SOCIALES | ||
| 650 | |a SOCIOLOGIA | ||
| 650 | |a TEORIA SOCIAL | ||
| 700 | |a Velasco Yánéz, David | ||
| 773 | |g volumen 8, número 33; páginas 36-48 | ||
| 999 | |c 39546 |d 39546 | ||
